00301nam a2200121Ia 4500008004100000100002200041245004800063260002300111300000900134650001400143942000700157999001500164190216s9999||||xx |||||||||||||| ||und|| aEsmarch Sgilreath 0aFundamental Concepts Of Inorganic Chemistry bMcgraw -hillc1958 a421p aChemistry cBK c2265d2265